000 004520000a22001570004500
003 LK-CoMWRAF
008 230817t ||||| |||| 00| 0 eng d
040 _aLK-CoMWRAF
_dLK-CoMWRAF
_eLK-CoMWRAF
041 _aeng
082 _a760
_bGEN
245 _aThe geneva convention and the international committee of the red cross
_bTheir relevance to Sri Lanka
260 _aColombo
_bCRM
_c1987
300 _ap.29
650 _aLaw & Human rights
942 _cBK
999 _c2988
_d2988